| 000 | 00688cam a2200265 4500 | ||
|---|---|---|---|
| 008 | 090401t1992 xxu||||| |||| 00| 0 eng d | ||
| 020 | _a0117527262 | ||
| 035 | _a(Sirsi) u63342 | ||
| 041 | _aeng | ||
| 050 | _a711.558 | ||
| 110 |
_aUnited Kingdom _bDepartment of the Environment _9982 |
||
| 245 | _aPlanning policy guidance: tourism. | ||
| 260 |
_aLondon _bHMSO _c1992 |
||
| 300 | _a(20)p. ; 30cm. | ||
| 350 | _a3.9 | ||
| 490 |
_aPPG _v21 |
||
| 650 | _aCARAVANS | ||
| 650 | _aHOLIDAY OCCUPANCY CONDITIONS | ||
| 650 | _aHOTELS | ||
| 650 | _aPPG21 | ||
| 690 | _aLEISURE AND RECREATION | ||
| 710 |
_aUnited Kingdom _bWelsh Office _91214 |
||
| 942 | _n0 | ||
| 948 | _c04/03/1997 | ||
| 999 |
_c94535 _d94535 |
||